000 00200nam a2200097Ia 4500
008 240331s9999 xx 000 0 und d
082 _bKRI
100 _aKrishnarajah,S
245 0 _aAlakiyal
942 _cL
999 _c4629
_d4629